| 000 | 00366nam a2200145Ia 4500 | ||
|---|---|---|---|
| 008 | 240624s9999 xx 000 0 und d | ||
| 041 | _aeng | ||
| 082 | _a657 BAN | ||
| 100 | _aBANERJEE ASHOK | ||
| 245 | _aFINANCIAL ACCOUNTING A MANAGERIAL EMPHAS | ||
| 250 | _a(2nd ed.) | ||
| 260 |
_c2005 _aNew Delhi _bExcel Books |
||
| 300 | _axii, : 702 : cm. ; 24 | ||
| 365 | _cRS | ||
| 999 |
_c2400 _d2400 |
||